| 000 | 01648nam0a2200361 i 4500 | ||
|---|---|---|---|
| 001 | RU\NLR\BIBL_A\010863912 | ||
| 005 | 20240921143223.0 | ||
| 010 |
_a9785917760872 _927 |
||
| 021 |
_aRU _b2015-71998 _94319 |
||
| 035 | _a(NILC)RuMoRGB-008022197 | ||
| 035 | _a(NLR Aleph) 010863912 | ||
| 090 |
_a10434880 _c10434880 |
||
| 100 | _a20151019d2015 k y0rusy50 ca | ||
| 101 | 0 | _arus | |
| 102 | _aRU | ||
| 105 | _aa|||z|||000yy | ||
| 200 | 1 |
_aПрофессионально-нравственная подготовка курсантов в вузе МВД России _eмонография _fН. В. Ерошенков, И. Ф. Исаев _gМ-во внутр. дел Рос. Федерации, Белгор. юрид. ин-т |
|
| 210 |
_aБелгород _cБелгородский юридический институт _d2015 |
||
| 215 |
_a182 с. _cил., табл. _d21 |
||
| 320 | _aБиблиогр.: с. 139-146 (126 назв.) и в подстроч. примеч. | ||
| 606 | 1 |
_aВысшие учебные заведения МВД Российской Федерации _xУчебно-воспитательная работа _92500898 _3RU\NLR\AUTH\661483299 |
|
| 675 | _a34 | ||
| 686 | 1 | _aЧ489.412 | |
| 686 | 1 | _aЧ489.413 | |
| 700 | 1 |
_aЕрошенков _bН. В. _gНиколай Викторович |
|
| 701 | 1 |
_7ca _8rus _aИсаев _bИ. Ф. _f1945- _gИлья Федорович _9229397 _3RU\NLR\AUTH\770229453 |
|
| 801 | 0 |
_aRU _bРГБ _c20150915 _gRCR |
|
| 801 | 2 |
_aRU _bРГБ _c20150922 _grcr |
|
| 801 | 1 |
_aRU _bРГБ _c20150915 _2rusmarc |
|
| 942 | _cBOOK | ||
| 980 | _aNBR | ||